MARC details
| 000 -LEADER |
| campo de control de longitud fija |
02060nam a2200481 i 4500 |
| 001 - NÚMERO DE CONTROL |
| campo de control |
MOR01000080859 |
| 003 - IDENTIFICADOR DE NÚMERO DE CONTROL |
| campo de control |
mxdfmo |
| 005 - FECHA Y HORA DE LA ÚLTIMA TRANSACCIÓN |
| campo de control |
20260331144803.0 |
| 007 - CAMPO FIJO DE DESCRIPCIÓN FÍSICA--INFORMACIÓN GENERAL |
| campo de control de longitud fija |
ta |
| 008 - DATOS DE LONGITUD FIJA--INFORMACIÓN GENERAL |
| campo de control de longitud fija |
041111s2004 dfm g bi 000 0 spa d |
| 035 ## - NÚMERO DE CONTROL DEL SISTEMA |
| Número de control de sistema |
041624 |
| 040 ## - FUENTE DE CATALOGACIÓN |
| Centro catalogador/agencia de origen |
mxcmmo |
| Lengua de catalogación |
spa |
| Normas de descripción |
rda |
| Centro/agencia transcriptor |
mxcmmo |
| 041 0# - CÓDIGO DE IDIOMA |
| Código de lengua del texto/banda sonora o título independiente |
spa |
| 082 04 - NÚMERO DE LA CLASIFICACIÓN DECIMAL DEWEY |
| Número de clasificación |
330.97213 |
| Número de ítem |
PEÑ.e |
| 100 1# - ENTRADA PRINCIPAL--NOMBRE DE PERSONA |
| Nombre de persona |
Peña Guajardo, Antonio |
| Término indicativo de función/relación |
autor |
| 9 (RLIN) |
136811 |
| 245 13 - MENCIÓN DEL TÍTULO |
| Título |
La economía novohispana y la elite local del Nuevo Reino de León en la primera mitad del siglo XVIII/ |
| Mención de responsabilidad, etc. |
Antonio Peña Guajardo ; asesora de tesis Guillermina del Valle Pavón |
| 264 #1 - PRODUCCIÓN, PUBLICACIÓN, DISTRIBUCIÓN, FABRICACIÓN Y COPYRIGHT |
| Producción, publicación, distribución, fabricación y copyright |
México : |
| Nombre del de productor, editor, distribuidor, fabricante |
A. Peña Guajardo, |
| Fecha de producción, publicación, distribución, fabricación o copyright |
2004. |
| 300 ## - DESCRIPCIÓN FÍSICA |
| Extensión |
105 hojas; |
| Dimensiones |
23 cm |
| 336 ## - TIPO DE CONTENIDO |
| Término de tipo de contenido |
texto |
| Código de tipo de contenido |
txt |
| Fuente |
rdacontent |
| 337 ## - TIPO DE MEDIO |
| Nombre/término del tipo de medio |
sin medio |
| Código del tipo de medio |
n |
| Fuente |
rdamedia |
| 338 ## - TIPO DE SOPORTE |
| Nombre/término del tipo de soporte |
volumen |
| Código del tipo de soporte |
nc |
| Fuente |
rdacarrier |
| 500 ## - NOTA GENERAL |
| Nota general |
Disponible en BIBLIOTECA DIGITAL |
| 502 ## - NOTA DE TESIS |
| Nota de tesis |
Tesis (maestría)-- Instituto de Investigaciones Dr. José María Luis Mora, Maestría en Historia Moderna y Contemporánea |
| 504 ## - NOTA DE BIBLIOGRAFÍA, ETC. |
| Nota de bibliografía, etc. Nota |
Bibliografía : h. 98-105 |
| 651 #7 - PUNTO DE ACCESO ADICIONAL DE MATERIA--NOMBRE GEOGRÁFICO |
| Nombre geográfico |
Nuevo León |
| Subdivisión general |
Condiciones económicas |
| Subdivisión cronológica |
Siglo XVIII |
| 9 (RLIN) |
139331 |
| 651 #7 - PUNTO DE ACCESO ADICIONAL DE MATERIA--NOMBRE GEOGRÁFICO |
| Nombre geográfico |
Nuevo León |
| Subdivisión general |
Historia |
| Subdivisión cronológica |
Siglo XVIII |
| 9 (RLIN) |
116360 |
| 700 1# - ENTRADA AGREGADA--NOMBRE PERSONAL |
| Nombre de persona |
Valle Pavón, Guillermina del |
| Término indicativo de función/relación |
asesora |
| 9 (RLIN) |
205655 |
| 710 2# - ENTRADA AGREGADA--NOMBRE DE ENTIDAD CORPORATIVA |
| Nombre de entidad corporativa o nombre de jurisdicción como elemento de entrada |
Instituto de Investigaciones Dr. José María Luis Mora (México, D.F.) |
| Unidad subordinada |
Maestría en Historia Moderna y Contemporánea |
| 9 (RLIN) |
97788 |
| 856 ## - LOCALIZACIÓN Y ACCESO ELECTRÓNICOS |
| Identificador Uniforme de Recurso |
<a href="https://mora.koha.es/odigital/compressed_MOR000080859Laeconomanovohispanaylaelite_000143780.pdf">https://mora.koha.es/odigital/compressed_MOR000080859Laeconomanovohispanaylaelite_000143780.pdf</a> |
| Nota pública |
Acceso PDF |
| 900 ## - ELEMENTOS DE DATOS A LOCAL, LDA (RLIN) |
| Nombre de persona |
ALEPH14 |
| Numeración |
Verónica Silva |
| Títulos y otros términos asociados al nombre |
20061103 |
| Lenguaje de la obra |
MOR01 |
| -- |
1054 |
| 900 ## - ELEMENTOS DE DATOS A LOCAL, LDA (RLIN) |
| Nombre de persona |
BATCH-UPD |
| Numeración |
00 |
| Títulos y otros términos asociados al nombre |
20120323 |
| Lenguaje de la obra |
MOR01 |
| -- |
1750 |
| 900 ## - ELEMENTOS DE DATOS A LOCAL, LDA (RLIN) |
| Nombre de persona |
BATCH-UPD |
| Numeración |
10 |
| Títulos y otros términos asociados al nombre |
20120321 |
| Lenguaje de la obra |
MOR01 |
| -- |
1715 |
| 900 ## - ELEMENTOS DE DATOS A LOCAL, LDA (RLIN) |
| Nombre de persona |
BATCH |
| Numeración |
00 |
| Títulos y otros términos asociados al nombre |
20120322 |
| Lenguaje de la obra |
MOR01 |
| -- |
1737 |
| 900 ## - ELEMENTOS DE DATOS A LOCAL, LDA (RLIN) |
| Nombre de persona |
CAT |
| Numeración |
30 |
| Títulos y otros términos asociados al nombre |
20041111 |
| Lenguaje de la obra |
MOR01 |
| -- |
1014 |
| 900 ## - ELEMENTOS DE DATOS A LOCAL, LDA (RLIN) |
| Nombre de persona |
KLAS |
| Numeración |
30 |
| Títulos y otros términos asociados al nombre |
20041116 |
| Lenguaje de la obra |
MOR01 |
| -- |
0950 |
| 900 ## - ELEMENTOS DE DATOS A LOCAL, LDA (RLIN) |
| Nombre de persona |
KLAS |
| Numeración |
30 |
| Títulos y otros términos asociados al nombre |
20041116 |
| Lenguaje de la obra |
MOR01 |
| -- |
0952 |
| 900 ## - ELEMENTOS DE DATOS A LOCAL, LDA (RLIN) |
| Nombre de persona |
MARC21 |
| Numeración |
40 |
| Títulos y otros términos asociados al nombre |
20140514 |
| Lenguaje de la obra |
MOR01 |
| -- |
1316 |
| 900 ## - ELEMENTOS DE DATOS A LOCAL, LDA (RLIN) |
| Nombre de persona |
MARY |
| Numeración |
05 |
| Títulos y otros términos asociados al nombre |
20041110 |
| Lenguaje de la obra |
MOR01 |
| -- |
1207 |
| 900 ## - ELEMENTOS DE DATOS A LOCAL, LDA (RLIN) |
| Nombre de persona |
VOBO |
| Numeración |
40 |
| Títulos y otros términos asociados al nombre |
20041117 |
| Lenguaje de la obra |
MOR01 |
| -- |
1640 |
| 900 ## - ELEMENTOS DE DATOS A LOCAL, LDA (RLIN) |
| Nombre de persona |
VOBO |
| Numeración |
40 |
| Títulos y otros términos asociados al nombre |
20170720 |
| Lenguaje de la obra |
MOR01 |
| -- |
1417 |
| 904 ## - ELEMENTOS DE DATOS D LOCAL, LDD (RLIN) |
| a |
UPDATE |
| 942 ## - ELEMENTOS DE ENTRADA SECUNDARIOS (KOHA) |
| Código de la institución [OBSOLETO] |
BK |
| 901 ## - ELEMENTOS DE DATOS A LOCAL LDA (RLIN) |
| a |
batch batch |